书目信息 |
| 题名: |
罗曼蒂克心理学
|
|
| 作者: | 布兰登, 著 ;孙尚奇 译 | |
| 分册: | ||
| 出版信息: | 上海 文汇出版社 2003.05 |
|
| 页数: | 195页 | |
| 开本: | 20cm | |
| 丛书名: | 文汇译丛·深度探访 | |
| 单 册: | ||
| 中图分类: | C913.1 | |
| 科图分类: | ||
| 主题词: | 爱情--心理学--通俗读物 | |
| 电子资源: | ||
| ISBN: | 7-80676-356-2 | |
| 000 | 00984nam 2200277 450 | |
| 001 | 0120041161 | |
| 005 | 20051110084100.45 | |
| 010 | @a7-80676-356-2@dCNY16.00 | |
| 100 | @a20030816d2003 em y0chiy0121 ea | |
| 101 | 1 | @achi@ceng |
| 102 | @aCN@b310000 | |
| 105 | @ay z 000yy | |
| 200 | 1 | @a罗曼蒂克心理学@ALuo Man Di Ke Xin Li Xue@f(美)纳撒尼尔·布兰登著@F(Mei)Na Sa Ni Er·Bu Lan Deng Zhu@g孙尚奇译@Gsun shang qi yi |
| 210 | @a上海@c文汇出版社@d2003.05 | |
| 215 | @a195页@d20cm | |
| 225 | 2 | @a文汇译丛·深度探访 |
| 312 | @a并列题名取自封面 | |
| 330 | @a本书包括: 罗曼蒂克爱情的演化、罗曼蒂克爱情的本源、罗曼蒂克爱情的选择、罗曼蒂克爱情的挑战等内容。 | |
| 410 | 0 | @12001 @a文汇译丛·深度探访 |
| 510 | 1 | @aPsychology of romantic love@zeng |
| 606 | 0 | @a爱情@x心理学@j通俗读物 |
| 690 | @aC913.1@v4 | |
| 701 | 1 | @a布兰登,@Abu lan deng,@bN.@g(Branden, Nathaniel)@4著 |
| 702 | 0 | @a孙尚奇@Asun shang qi@4译 |
| 801 | 0 | @aCN@bQSSK@c20051110 |
| 905 | @a10447@dC913.1@eB982 | |
| 罗曼蒂克心理学/(美)纳撒尼尔·布兰登著/孙尚奇译.-上海:文汇出版社,2003.05 |
| 195页;20cm.-(文汇译丛·深度探访) |
| ISBN 7-80676-356-2:CNY16.00 |
| 本书包括: 罗曼蒂克爱情的演化、罗曼蒂克爱情的本源、罗曼蒂克爱情的选择、罗曼蒂克爱情的挑战等内容。 |
| ● |
| 相关链接 |
|
|
|
正题名:罗曼蒂克心理学
索取号:C913.1/B982
 
预约/预借
| 序号 | 登录号 | 条形码 | 馆藏地/架位号 | 状态 | 备注 |
| 1 | 574503 | 205745032 | 社科库509/509社科库 60排5列2层/ [索取号:C913.1/B982] | 在馆 | |
| 2 | 574504 | 205745041 | 社科库509/509社科库 60排5列2层/ [索取号:C913.1/B982] | 在馆 | |
| 3 | 574505 | 205745050 | 社科库509/509社科库 60排5列2层/ [索取号:C913.1/B982] | 在馆 |